Alex King
Georgia A
Categories
History - American History | 1 | 1 | 1 | 0 | 20 | 25 | 58.50 | 1 | 2 |
Social Science | 0 | 2 | 0 | 0 | 20 | 76 | 87.00 | 1 | 2 |
Beliefs | 0 | 2 | 1 | 1 | 15 | 120 | 135.50 | 1 | 2 |
British and Commonwealth History | 0 | 1 | 0 | 0 | 10 | 98 | 98.00 | 1 | 1 |
History - World History | 0 | 2 | 2 | 1 | 10 | 125 | 126.00 | 0 | 1 |
Other Academic | 0 | 1 | 0 | 0 | 10 | 109 | 109.00 | 0 | 1 |
Science - Chemistry | 0 | 1 | 0 | 0 | 10 | 121 | 121.00 | 0 | 1 |
Geography | 0 | 1 | 0 | 0 | 10 | 117 | 117.00 | 0 | 0 |
History - European History | 0 | 0 | 1 | 0 | -5 | 0.00 | 0 | 0 | |
Other Science: Earth Science | 0 | 0 | 1 | 0 | -5 | 0.00 | 0 | 0 | |
Literature - European Literature | 0 | 0 | 1 | 0 | -5 | 0.00 | 0 | 0 | |
Philosophy | 0 | 0 | 1 | 0 | -5 | 0.00 | 0 | 0 |